00754nam a22002297a 4500003000900000005001700009008002900026020001500055040002200070082002800092100003100120245010300151260003300254300002900287490002400316500004500340521002000385650003300405650003000438700002700468700002900495DO-SdBNP20240403132629.01607182005 mx a spa d a9681907302 aBPMSUbspacBPMSU 4a833.91bH332a 2005 2221 aHärtling, Peter, d1933-13aLa abuela /cPeter Härtling ; traducción de Victor Canico ; illustraciones de Ingrid Mizsenko. aMadrid : bAlfaguara,c2005. a103 p. :bil. ;c19 cm. 0 aAlfaguara infantil  aIncluye datos biográficos de la autor. aDesde 10 años 4aCuentos infantiles alemanes  4aAmor vCuentos infantiles1 aMizsenko, Ingrid,eil.1 aCanicio, Víctor, etr.